Normal view
MARC view
- English language -- Textbooks for foreign speakers.English language- Examinations-Study guides
Entry Topical Term
001 - CONTROL NUMBER
- control field: 6323
003 - CONTROL NUMBER IDENTIFIER
- control field: JO-AjAnu
005 - DATE AND TIME OF LATEST TRANSACTION
- control field: 20230606071327.0
008 - FIXED-LENGTH DATA ELEMENTS
- fixed length control field: 230606|| aca||aabn | a|a d
040 ## - CATALOGING SOURCE
- Original cataloging agency: JO-AjAnu
- Transcribing agency: JO-AjAnu
150 ## - HEADING--TOPICAL TERM
- Topical term or geographic name entry element: English language -- Textbooks for foreign speakers.English language- Examinations-Study guides
670 ## - SOURCE DATA FOUND
- Source citation: Work cat.: (JO-AjAnu)3275: PHILLIPS,DEBORAH,1952, author 6322, Longman PREPARATION COURSE FOR THE TOEFL TEST: The Paper Test